Mangkuk kecil

Bibliographic Details
Format: Book
Published: Kuala Lumpur : Fargoes , 2005
Series:Siri tekun membaca
Subjects:

MARC

LEADER 00000cam a2200000 7i4500
001 0000000249
005 20151222.0
008 070627
020 |a 983128318X 
090 0 0 |a JF   |b MOR JAW (268) 
245 0 0 |a Mangkuk kecil 
260 |a Kuala Lumpur :   |b Fargoes ,   |c 2005 
440 |a Siri tekun membaca 
500 |a Children ages 7-9 years old (orange) 
650 0 |a Jawi 
999 |a 0000899597   |b Book   |c Children Collection   |e Cawangan Tmn. Ungku Tun Aminah 
999 |a 0000899598   |b Book   |c Children Collection   |e Cawangan Tmn. Ungku Tun Aminah 
999 |a 0000899601   |b Book   |c Children Collection   |e Cawangan Tangkak 
999 |a 0000899602   |b Book   |c Children Collection   |e Cawangan Tangkak 
999 |a 0000899605   |b Book   |c Children Collection   |e Cawangan Mersing 
999 |a 0000899606   |b Book   |c Children Collection   |e Cawangan Mersing 
999 |a 0000954589   |b Book   |c Children Collection   |e Perbadanan Perpustakaan Awam Johor 
999 |a 0000954590   |b Book   |c Children Collection   |e Perbadanan Perpustakaan Awam Johor 
999 |a 0000954591   |b Book   |c Children Collection   |e Cawangan Taman Sri Lambak 
999 |a 0000988472   |b Book   |c Children Collection   |e Cawangan Bukit Gambir